50 rappeurs français par titre - Statistiques

Statistiques générales
  • Ce quiz a été pris 511 fois
  • Le résultat moyen est 23 sur 54
Statistiques - réponses
Musique Rappeur % Correct
Réseaux Niska
91%
Scarface Booba
86%
Autobahn SCH
86%
Zoo Kaaris
81%
Filon Ninho
80%
Popopop Gambi
75%
91's PNL
75%
Urus Favé
73%
L'enfoiré Heuss l'enfoiré
71%
Gare du nord PLK
69%
Astroboy Zola
65%
Shavkat Freeze corleone
64%
Deux toiles de mer Damso
63%
Becte Gazo
63%
Life Hamza
61%
17% Leto
58%
Helsinki Dinos
57%
Pour elle SDM
57%
Monaco Guy2bezbar
54%
16.02.2024 Werenoi
53%
J'picole Sasso
48%
Benzema Brulux
47%
Galactic Maes
47%
Lopsa story 1Pliké140
45%
HRTBRK#2 Kaza
45%
Saison 2 Kerchak
44%
X Tiakola
44%
Traficante Alonzo
43%
Filtré Timal
43%
Elvira Naps
40%
Lionne Dadju
38%
Boosk'Halloween Menace santana
38%
Un peu d'amour KobaLAD
36%
Le temps Tayc
36%
Micheal Jordan DA Uzi
34%
Jamais MisterV
34%
Ma belle Moha la Squale
34%
Position Franglish
30%
Les p'tits de chez moi Mister You
29%
Joli Zed
25%
Qui sait ? Niro
22%
Under Armour ZKR
22%
Cosmos Oboy
21%
Mahmouma Niaks
19%
Coffio RK
19%
Encore une fois (Maman) Mig
18%
Piranha Soso maness
15%
La cosa Kalash criminel
11%
Pop smoke Gambino la MG
6%
La cosa ISK
6%
Elle me disait Fresh la douille
5%
Photo Hös Copperfield
5%
Coupé sport ISS
2%
Les étoiles Yaro
1%
Aucun quiz correspondant
Distribution des résultats
% des personnes avec chaque résultat
Percentile par nombre de réponses
Votre historique - résultats
Vous n’avez pas pris ce quiz